| 000 | 00791nam a2200241 i 4500 | ||
|---|---|---|---|
| 001 | bg | ||
| 003 | BPK | ||
| 005 | 20191231094805.0 | ||
| 008 | s2001 pl f f |000 0 pol | ||
| 020 | _a8372842957 | ||
| 040 | _cBPK | ||
| 080 | _a657 | ||
| 080 | _a(075.8+076) | ||
| 245 | 0 | 0 |
_aZbiór zadań z podstaw rachunkowości / _cpod red. Kazimiery Winiarskiej. |
| 260 |
_aWarszawa : _bDom Wydawniczy "ABC", _c2001. |
||
| 300 |
_a274, [1] s. ; _c24 cm. |
||
| 655 | 4 | _aĆwiczenia i zadania dla szkół wyższych | |
| 655 | 4 | _aPodręczniki akademickie | |
| 650 | 4 | _aRachunkowość | |
| 700 | 1 |
_aWiniarska, Kazimiera _d(1948- ) _eRedakcja |
|
| 942 |
_cKS _2UKD |
||
| 856 |
_uhttp://koha.tu.koszalin.pl/cgi-bin/koha/opac-detail.pl?biblionumber=40541 _yKatalog online BPK |
||
| 999 |
_c40541 _d40541 |
||